1185 1120 1211 1448 1626 1684 1111 1631 1484 1576 1442 1726 1742 1086 1629 1713 1141 1391 1715 1903 1335 1132 1899 1725 1983 1052 1271 1453 1154 1066 1397 1598 1612 1891 1829 1668 1381 1611 1565 1663 1638 1973 1494 1923 1965 1431 1767 1900 1018 1706 1584 1012 1175 1244 1959 1288 1623 1505 1686 1766 1416 1010 1226 1562 1700 1093 1642 1248 1729 1557 1400 1284 1104 1139 1217 1440 1102 1816 1361 1574 1645 1344 1773 1103 1085 1189 1505 1507 1262 1400 1552 1112 1290 1983 1305 1713 1223 1238 1650 BCNSPRNW ULIB Ver.6.0+V

เปลี่ยนเป็นภาษาไทย

Change to English
 แสดงรายละเอียดบรรณานุกรม
  กลับหน้าหลัก

Brief Record : Get Marc (ISO 2709) : E-mail record : QR code < ปิดหน้าต่าง
LEADER : 00000nam 2200000uu 4500
001    13399112900
003     ULIB
008    110916s2550||||th 000 0 tha d
020    9789747503074
090    นว.^bย231ห 2550
100 0  yayoi
245 00 หนึ่งจันทร์กลางใจ/^cyayoi
250    พิมพ์ครั้งที่ 3
260    กรุงเทพฯ :^bแจ่มใส,^c2550
300    477 หน้า
945    ^p279^l0^i14058
995    กัณชพร
999    ^aใช้งานได้ทุกระบบ
รายการนี้ยังไม่มีแท็ก
คุณยังไม่ได้ล็อกอิน คุณสามารถมีกิจกรรมร่วมกับเว็บไซต์ได้ แต่ต้องล็อกอินก่อน ::
  ล็อกอิน

รายการสื่อสารสนเทศ

ลำดับที่ ประเภท เลขเรียก/บาร์โค้ด สถานที่ สถานะ
1. วิทยาศาสตร์การแพทย์ และสุขภาพ
วิทยาศาสตร์การแพทย์ และสุขภาพ
นว. ย231ห 2550  
  Barcode: 14058
ห้องสมุดวิทยาเขตสวรรค์ประชารักษ์
►นวนิยาย
บนชั้น
  ขอยืม

รายการใกล้เคียง
    ผู้แต่ง [yayoi]

BibComment


ยังไม่เคยถูกคอมเมนท์

คอมเมนท์ทรัพยากรรายการนี้
  คอมเมนท์: หนึ่งจันทร์กลางใจ..


 Copyright 2026. Bcnsprnw @Library